El Leviatán acorralado: continuidad y cambio en el papel del Estado en América Latina /
Guardado en:
| Hovedforfatter: | |
|---|---|
| Format: | Texto |
| Fag: | |
| Tags: |
Tilføj Tag
Ingen Tags, Vær først til at tagge denne postø!
|
MARC
| LEADER | 00000 a a2200000 04500 | ||
|---|---|---|---|
| 001 | 7637 | ||
| 003 | |||
| 040 | |||
| 100 | |a Guimaraes, Roberto P. | ||
| 245 | |a El Leviatán acorralado: |b continuidad y cambio en el papel del Estado en América Latina / |c Roberto P. Guimaraes | ||
| 650 | |a ESTADO | ||
| 650 | |a DEMOCRACIA | ||
| 650 | |a JUSTICIA SOCIAL | ||
| 650 | |a BUROCRACIA | ||
| 650 | |a SOCIEDAD CIVIL | ||
| 650 | |a SOCIEDAD POLITICA | ||
| 650 | |a TECNOCRACIA | ||
| 650 | |a CRECIMIENTO ECONOMICO | ||
| 650 | |a DESIGUALDAD SOCIAL | ||
| 650 | |a POLITICAS GUBERNAMENTALES | ||
| 650 | |a DESCENTRALIZACION | ||
| 650 | |a PARTICIPACION SOCIAL | ||
| 773 | |g volumen 23, número 89; páginas 45-81 | ||
| 999 | |c 35301 |d 35301 | ||
